00725 a2200205 4500003000500000005001700005010001600022020001500038040000900053082001400062100002100076245005200097246002000149260004000169300008700209505015900296650002400455650002300479651001700502Nust20221028102347.0 a 00108084 a0735710597 cNust00a006.6,CHI1 aChismar, John P.10a3ds Max 4 media animation / cJohn P. Chismar.30aMedia animation aIndianapolis :bNew Riders,cc2001. axviii, 570 p. :bill. (some col.) ;c23 cm. +e1 computer optical disc (4 3/4 in.) aPart I: Introduction XV Fun house (Page-2), Part II: 2002 vote machine (Page-146), TV 3news open (Page-366), Part III: Real world case studies (Page-480). 0aComputer animation. 0aComputer graphics. a(Include CD)